000
00236nam a2200097Ia 4500
005
20251222114402.0
008
251222s1900||||xx |||||||||||||| ||spa||
082
_a
DVD0070/B25/2004/Ej.2
245
0
_a
Los Coristas:Les Choristes
942
_c
DVD
999
_c
1684
_d
1684